Mouvements de danse signature de rockstar - Statistiques

Statistiques générales
  • Ce quiz a été pris 64 fois
  • Le résultat moyen est 5 sur 18
Statistiques - réponses
Hint Réponse % Correct
Twerk Miley Cyrus
84%
Moonwalk = le pas de la lune, marcher en arrière Michael Jackson
68%
Tongue Wagging = langue "remuante", tirer la langue comme pour lécher une glace Gene Simmons (Kiss)
43%
Duck walk = marche de canard (dsl difficile à décrire...) Chuck Berry ou Angus Young (AC/DC)
41%
Crip walk = la marche des Crip (gang de L.A.) Snoop Dogg
38%
Gyrating Hips = les hanches qui tournent Elvis Presley
35%
Crotch Grab = "Attrapage" d'entrejambe
Michael Jackson ou Madonna
30%
Snake Dance = danse du serpent (bouger le corps de gauche à droite comme un serpent)
Axl Rose (Guns 'n' Roses)
27%
Salto
Steven Tyler (Aerosmith)
22%
Spinning guitar = rotation de guitare Billy Gibons & Dusty Hill (ZZ Top)
19%
Karate Kicks = double coup de pied de karaté aérien David Lee Roth (Van Halen)
19%
Rooster Strut = la parade (ou la pavane) du coq Mick Jagger (The Rolling Stones)
16%
Windmill Strum = gratter la guitare en moulin à vent avec le bras tendu Pete Townshend (The Who)
16%
Devil horns = (l'inventeur) corne du diable (avec les doigts) Ronnie James Dio
16%
Bass rifle = porter la basse comme un fusil de chasse Steve Harris (Iron Maiden)
14%
Stage diving / crowd walk = plongeon depuis la scène / marche sur le public Iggy Pop (The Stooges)
11%
The running man = l'homme qui court (sur place) MC Hammer
11%
The stomp = piétinement (écraser avec les pieds en sautant sur place) Phil Anselmo (Pantera)
5%
Aucun quiz correspondant
Distribution des résultats
% des personnes avec chaque résultat
Percentile par nombre de réponses
Votre historique - résultats
Vous n’avez pas pris ce quiz